000 00941nam a22001817a 4500
999 _c62864
_d62864
005 20251125233059.0
008 s2553 th tha d
040 _aNALT
041 _atha
090 _aIS 5/2553 54
100 0 _aวัชราภรณ์ รัตนโกเศศ จันทรเจริญ
_98736
245 1 0 _aการเพิ่มประสิทธิภาพการร่างกฎหมายของกลุ่มงานกฎหมาย 1 สำนักกฎหมาย : เอกสารวิชาการกรณีศึกษาส่วนบุคคล
260 3 _aกรุงเทพฯ :
_bรัฐสภา,
_c2553
850 _aNALT
856 4 0 _uhttps://hdl.handle.net/20.500.14156/18473
942 _cIS
_2local
_06
998 _j111
_k นางสาวพจพิณ พรมเอี่ยม